000 00438nmm a2200157Ia 4500
008 251105s9999||||xx |||||||||||||||||und||
020 _a9788498384925
041 _aspa
100 _aRowling, J.K.
245 0 _aUna vacante imprevista
264 _a[Madrid, España] :
_bEdiciones Salamandra,
_c2012
300 _a608 páginas
650 _aEnglish Narrative
856 _uhttps://public.digitaliapublishing.com/a/48595
942 _cCF
999 _c91735
_d91735